Which German State? - Statistics

General Stats
  • This quiz has been taken 14 times
  • The average score is 14 of 16
Answer Stats
Hint Answer % Correct
The state has the most tourists of all - especially in Septmber and October Bavaria
100%
This state surrounds Berlin Brandenburg
100%
This state is famous for a fairytale about animal musicians Bremen
100%
The largest city in this state has the nickname "Mainhattan" Hesse
93%
The most populous German state North Rhine-Westphalia
93%
The smallest state that is not a city state Saarland
93%
A part of the population here is bilingual and speaks Danish as well as German Schleswig-Holstein
93%
"Land of inventors": 36 % of all German patents are registered by people from this state Baden-Württemberg
86%
This city state has the highest debt of all states Berlin
86%
This city state tops the "happiness" ranking of all large German cities Hamburg
86%
Cities in this state include Braunschweig, Hameln and Oldenburg Lower Saxony
86%
The state with the longest coastline Mecklenburg-Western Pomerania
86%
This state produces the most wine: 63 % of German vineyards are here Rhineland-Palatinate
86%
The capital of this state has the nickname "Florence on the Elbe" and is famous for its Christmas Market Saxony
86%
Goethe and Schiller both lived in Weimar, in this state Thuringia
79%
This state is famous for the Bauhaus and Martin Luther´s 95 theses Saxony-Anhalt
71%
No matching quizzes found
Score Distribution
Percent of People with Each Score
Percentile by Number Answered
Your Score History
You have not taken this quiz